| 000 | nam a22 7a 4500 | ||
|---|---|---|---|
| 999 |
_c27127 _d27127 |
||
| 008 | 170207b xxu||||| |||| 00| 0 eng d | ||
| 020 | _a0030525195 | ||
| 050 | _aE 175.8 .H65 2002 | ||
| 245 |
_aFrom the source: _breadings in economics and government with answer key/ |
||
| 260 |
_aAustin : _bHolt, Rinehart and winston, _c2002. |
||
| 300 |
_av, 122p. : _bill. ; _c27cm. |
||
| 500 | _aInclude index. | ||
| 942 |
_2lcc _cBOOKS |
||